Polskie miasta - wschód czy zachód? - Statystyki

Ogólne statystyki
  • Ten quiz został rozwiązany 2 706 razy
    2 686 od ostatniego zresetowania
  • Średni wynik to 13 z 16
Statystyki odpowiedzi
Zagadnienie Odpowiedź % Poprawnych
Wrocław Zachód
95%
Olsztyn Wschód
92%
Zamość Wschód
90%
Szczecinek Zachód
88%
Kalisz Zachód
86%
Puławy Wschód
85%
Słupsk Zachód
82%
Zgorzelec Zachód
82%
Drohiczyn Wschód
80%
Sejny Wschód
79%
Skierniewice Wschód
72%
Bytów Zachód
72%
Gubin Zachód
71%
Kościan Zachód
67%
Głubczyce Zachód
67%
Kisielice Wschód
66%
Nie znaleziono quizów pasujących do podanych kryteriów
Rozkład punktacji
Procent ludzi z każdym wynikiem
Percentyl według liczby udzielonych odpowiedzi
Twoja historia wyników
Nie rozwiązałeś tego quizu od ostatniego zresetowania